000 00712nam a2200253 i 4500
001 C2-0328185
003 PPAK
005 20180728125551.0
008 140810s2007 my |||| ||||| | may d
020 _a9789833653669
040 _aPPAK
_beng
_cPPAK
_erda
082 0 4 _a899.233
_223
090 0 0 _a899.233
_bNAT
_dK
100 0 _aNatasha Effyzal,
_eauthor
245 1 0 _aSekolah kampung?
264 1 _aBatu Caves, Selangor :
_bPTS One Sdn Bhd ,
_c2007
300 _a259 pages ;
_c17 cm
336 _2rdacontent
_atext
337 _2rdamedia
_aunmediated
338 _2rdacarrier
_avolume
650 1 0 _aChildren's stories, Malay. ; Malay fiction.
700 0 _aNawal Hasbullah,
_eeditor
942 _ddc
_cB
999 _c127578
_d127578